<?xml version="1.0" encoding="UTF-8"?>
<marc:record xmlns:marc="http://www.loc.gov/MARC21/slim">
   <marc:leader>00000nam a2200000 a 4500</marc:leader>
   <marc:datafield ind1="1" ind2=" " tag="100">
      <marc:subfield code="a">Ramsauer, Petra</marc:subfield>
      <marc:subfield code="4">aut</marc:subfield>
      <marc:subfield code="e">Verfasser/-in</marc:subfield>
   </marc:datafield>
   <marc:datafield ind1=" " ind2=" " tag="653">
      <marc:subfield code="a">Syrien</marc:subfield>
   </marc:datafield>
   <marc:datafield ind1="0" ind2="0" tag="245">
      <marc:subfield code="a">Siegen heisst, den Tag überleben</marc:subfield>
   </marc:datafield>
   <marc:datafield ind1="0" ind2="0" tag="245">
      <marc:subfield code="b">Nahaufnahmen aus Syrien</marc:subfield>
   </marc:datafield>
   <marc:datafield ind1="0" ind2="0" tag="245">
      <marc:subfield code="c">Petra Ramsauer</marc:subfield>
   </marc:datafield>
   <marc:datafield ind1=" " ind2="1" tag="264">
      <marc:subfield code="a">Wien</marc:subfield>
      <marc:subfield code="b">Verlag Kremayr &amp; Scheriau GmbH &amp; Co. KG</marc:subfield>
      <marc:subfield code="c">2017</marc:subfield>
   </marc:datafield>
   <marc:datafield ind1=" " ind2=" " tag="250">
      <marc:subfield code="a">1. Auflage</marc:subfield>
   </marc:datafield>
   <marc:datafield ind1="1" ind2=" " tag="520">
      <marc:subfield code="a">Wer den Konflikt in Syrien verstehen will, muss in das Land fahren. Petra Ramsauer hat dies getan: In ihrem Buch beschreibt sie, wie ein schonungsloser Luftkrieg ein Volk und ein Land brutal zerstört, wie Hunger als Waffe eingesetzt wird, wie Terrornetzwerke entstanden sind und wie ein Volk zwischen den Fronten zerrieben wird. Sie war in Krankenhäuser, die unter Feuer gerieten, in Daraya und anderen Städten, in denen die Menschen verhungern und umkommen: Eine halbe Million Menschen haben bisher ihr Leben verloren und elf Millionen ihr Zuhause. Dieses Buch erklärt das Chaos im Machtkampf um Syrien. Es beleuchtet die historischen Hintergründe des Konflikts und die Interessen der verschiedenen Akteure. Petra Ramsauers Reportagen sind erschütternd, sie rütteln auf und machen klar: Dieser Krieg geht uns alle an.</marc:subfield>
   </marc:datafield>
   <marc:datafield ind1=" " ind2=" " tag="020">
      <marc:subfield code="a">9783218010603</marc:subfield>
      <marc:subfield code="9">9783218010603</marc:subfield>
   </marc:datafield>
   <marc:datafield ind1=" " ind2=" " tag="300">
      <marc:subfield code="a">194 Seiten</marc:subfield>
   </marc:datafield>
</marc:record>
